Metody oceňování podniku pro pokročilé hlubší pohled na vybrané problémy

Na minha lista:
Detalhes bibliográficos
Autor principal: Mařík, Miloš
Formato: Livro
Idioma:tcheco
Publicado em: Osnice Ekopress 2023
Edição:3. upravené vydání
Assuntos:
Tags: Adicionar Tag
Sem tags, seja o primeiro a adicionar uma tag!

MARC

LEADER 00000nam a2200000 4500
001 0305500
005 20250227112803.1
020 |a 978-80-87865-89-7 
041 0 |a cze 
044 |a CZ 
245 1 0 |a Metody oceňování podniku pro pokročilé  |b hlubší pohled na vybrané problémy  |c Miloš Mařík a kolektiv 
250 |a 3. upravené vydání 
264 1 |a Osnice  |b Ekopress  |c 2023 
300 |a 574 s. 
610 2 0 |a oceňovanie ekonomické 
610 2 0 |a ohodnocovanie podniku 
610 2 0 |a cash flow 
610 2 0 |a štruktúra kapitálová 
610 2 0 |a hodnota podniku 
610 2 0 |a metódy ohodnocovania 
100 1 |a Mařík, Miloš